Statistics for Countries in The GMT Time Zone

Click here to take the quiz!

General Stats

  • This quiz has been taken 516 times
    (508 since last reset)
  • The average score is 12 of 16

Answer Stats

Country% Correct
United Kingdom
98%
Morocco
87%
Portugal
85%
Senegal
84%
Mauritania
82%
Gambia
80%
Ghana
80%
Guinea
80%
Côte d'Ivoire
79%
Liberia
79%
Guinea-Bissau
78%
Sierra Leone
78%
Togo
76%
Burkina Faso
74%
Iceland
72%
Namibia
31%

Score Distribution

Percentile by Number Answered

Percent of People with Each Score

Your Score History

You have not taken this quiz since the last reset